Sports Quiz

Random Sports or NCAA Quiz

NCAA Tournament Teams Quiz Stats

 Plays Quiz not verified by Sporcle

Challenge
Share
Tweet
Embed
Score 0/85 Timer 05:00
0 Plays Today
Tournament Record Team % Correct
96-32Duke
99%
93-40Kansas
99%
43-22Michigan
99%
54-25Michigan State
99%
108-41North Carolina
99%
99-37UCLA
99%
62-31Indiana
98.1%
113-47Kentucky
98.1%
46-28Arizona
97.1%
46-27Georgetown
97.1%
51-27Ohio State
97.1%
39-30Illinois
96.2%
56-35Syracuse
96.2%
34-33Texas
96.2%
18-17Washington
96.2%
35-15Florida
95.2%
35-26Oklahoma
95.2%
12-9Oregon
95.2%
13-14Arizona State
94.3%
19-17California
94.3%
64-40Louisville
94.3%
38-23Oklahoma State
94.3%
35-30Utah
94.3%
12-11Minnesota
93.3%
33-18UNLV
93.3%
23-16Georgia Tech
92.4%
21-15Stanford
92.4%
25-17Wisconsin
92.4%
27-24Iowa
91.4%
Tournament Record Team % Correct
24-23LSU
91.4%
34-22North Carolina State
91.4%
16-20Tennessee
91.4%
22-17Virginia
91.4%
52-29Connecticut
90.5%
12-19Oregon State
90.5%
11-19USC
90.5%
49-32Villanova
90.5%
33-30Kansas State
89.5%
38-23Maryland
88.6%
13-25Pennsylvania
88.6%
15-14Florida State
87.6%
28-22Wake Forest
87.6%
25-25West Virginia
87.6%
40-29Arkansas
86.7%
35-26Purdue
86.7%
10-13Colorado
84.8%
13-14Iowa State
84.8%
21-20Alabama
83.8%
22-24Missouri
83.8%
43-25Cincinnati
82.9%
17-15Gonzaga
82.9%
12-8Auburn
81%
22-19Boston College
81%
23-24Pittsburgh
81%
38-31Marquette
80%
11-10Mississippi State
80%
31-36Notre Dame
80%
18-11Butler
79%
Tournament Record Team % Correct
15-30BYU
78.1%
32-24Memphis
78.1%
27-30St Johns
74.3%
32-30Temple
74.3%
10-14Vanderbilt
74.3%
26-24Houston
73.3%
21-25Depaul
68.6%
13-28Princeton
68.6%
11-8Massachusetts
65.7%
14-16Providence
65.7%
14-16UTEP
62.9%
15-9Seton Hall
61.9%
21-23Xavier
61.9%
10-21New Mexico State
59%
21-14San Francisco
59%
11-11VCU
56.2%
11-10La Salle
52.4%
10-18Creighton
51.4%
14-16Dayton
50.5%
18-23Saint Joseph's
43.8%
12-14Tulsa
41%
19-23Western Kentucky
38.1%
11-8Bradley
31.4%
10-7Dartmouth
29.5%
10-13Seattle
21.9%
11-13Santa Clara
19%
10-12Southern Methodist
1%

You're not logged in!

Compare scores with friends on all Sporcle quizzes.
OR
Log In

You Might Also Like...

Show Comments

Extras

Top Quizzes Today


Score Distribution

Your Account Isn't Verified!

In order to create a playlist on Sporcle, you need to verify the email address you used during registration. Go to your Sporcle Settings to finish the process.

Report this User

Report this user for behavior that violates our Community Guidelines.

Details: